00414nam a2200193Ia 4500003000900000008004100009040001300050040001300063041000800076100001700084245002400101250000900125260002000134260000900154300001100163300001200174490002600186490000800212IT-RoPAU120407s9999 xx 000 0 und d aIT-RoPAU cIT-RoPAU aita aRoberto Masi aDalla natura a Dio. aRoma aEd. Romane Mame c1962 a160 p. c18,5 cm aProblemi della Chiesa v112